Guess the names of the flowers - Statistics

General Stats
  • This quiz has been taken 70 times
  • The average score is 7 of 16
Answer Stats
Picture Answer % Correct
Rose
100%
Lavender
93%
Sunflower
93%
poppy
75%
Tulips
68%
carnation
60%
Iris
55%
violet
28%
Lilies
27%
Tiger Lilies
27%
Azalea
25%
gerbera
23%
lilacs
23%
Marigolds
15%
Begonia
12%
Amerllis
2%
No matching quizzes found
Score Distribution
Percent of People with Each Score
Percentile by Number Answered
Your Score History
You have not taken this quiz